000 01021cam a22003015a 4500
001 16901841
005 20201128021324.0
008 110803t2011 flua frbd 001 0 eng d
020 _a9781439849200 (hardcover : alk. paper)
040 _aDLC
_beng
_cDLC
_dEG-ScBUE
082 0 4 _a620.5
_bROG
_222
100 1 _aRogers, Ben,
_d1977-
_938254
245 1 0 _aNanotechnology :
_bunderstanding small systems /
_cBen Rogers, Sumita Pennathur, Jesse Adams.
250 _a2nd ed.
260 _aBoca Raton :
_bCRC Press. Taylor & Francis Group,
_cc.2011.
300 _axix, 401 p. :
_bill. (some col.),
_c26 cm.
490 0 _aMechanical engineering series
500 _aIndex : p. 365-401.
500 _aGlossary : p. 353-364.
504 _aIncludes bibliographical references.
650 7 _aNanotechnology.
_2BUEsh
_9519
651 _2BUEsh
653 _bENGGEN
_cJune2015
_cJuly2015
655 _vreading book
_934232
700 1 _aAdams, Jesse,
_d1974-
700 1 _aPennathur, Sumita,
_d1978-
942 _2ddc
_k620.5 ROG
999 _c19807
_d19779